Reliability engineering and computational intelligence
| Main Authors: | , |
|---|---|
| Format: | Book |
| Language: | English |
| PhysicalDescription: | viii, 307 strán grafy, schémy, tabuľky, vzorce 24 cm |
| Published: |
Cham
Springer
[2021]
©2021 |
| ISBN: | 9783030745585 9783030745561 |
| Series: | Studies in computational intelligence
|
| Subjects: |
MARC
| LEADER | 00000cam a2200000 4500 | ||
|---|---|---|---|
| 001 | vtls012266002 | ||
| 003 | SK-MaSNL | ||
| 005 | 20260331212519.0 | ||
| 008 | 241024s2021 sz dal frn 100 0 eng | ||
| 015 | |a SNBZSA2026/1 | ||
| 020 | |a 9783030745585 |q (brožované) | ||
| 020 | |a 9783030745561 |q (eBook) | ||
| 040 | |a SNK |b slo |c SNK |e rda | ||
| 041 | 0 | |a eng | |
| 044 | |a sz |c CH | ||
| 072 | 7 | |a 004 |x Počítačová veda. Výpočtová technika. Informačné technológie |2 konspekt | |
| 080 | |a 004 |2 2011 | ||
| 080 | |a 658.5:005.12 |2 2011 | ||
| 080 | |a 338.3 |2 2011 | ||
| 080 | |a 62-1/-9:338.3 |2 2011 | ||
| 080 | |a (048.8) |2 2011 | ||
| 080 | |a (062.534) |2 2011 | ||
| 100 | 1 | |a Gulijk, Coen van |4 edt |4 aut |9 447415 | |
| 245 | 1 | 0 | |a Reliability engineering and computational intelligence |c Coen van Gulijk, Elena Zaitseva, editors |
| 264 | 1 | |a Cham |b Springer |c [2021] | |
| 264 | 1 | |c ©2021 | |
| 300 | |a viii, 307 strán |b grafy, schémy, tabuľky, vzorce |c 24 cm | ||
| 336 | |a text |b txt |2 rdacontent | ||
| 337 | |a bez média |b n |2 rdamedia | ||
| 338 | |a zväzok |b nc |2 rdacarrier | ||
| 490 | 1 | |a Studies in computational intelligence |v Volume 976 | |
| 500 | |a Workshop sa konal 27-29 októbra 2020 online | ||
| 500 | |a Obsahuje profesijné pôsobenie editorov | ||
| 504 | |a Obsahuje bibliografiu | ||
| 650 | 0 | 7 | |a výpočtová technika |2 SNKPH |9 1126 |
| 650 | 0 | 7 | |a výpočtová inteligencia |2 SNK |9 447416 |
| 650 | 0 | 7 | |a priemyselné inžinierstvo |2 SNKPH |9 69507 |
| 650 | 0 | 7 | |a Computer technology |2 SNKPHeng |9 266457 |
| 650 | 0 | 7 | |a Industrial engineering |2 SNKPHeng |9 370374 |
| 650 | 0 | 7 | |a Production engineering |2 SNKPHeng |9 265508 |
| 650 | 0 | 7 | |a výrobné inžinierstvo |2 SNKPH |9 66782 |
| 650 | 0 | 7 | |a výrobná technika |2 SNKPH |9 179809 |
| 650 | 0 | 7 | |a Production technique |2 SNKPHeng |9 447417 |
| 655 | 7 | |a štúdie |2 SNKPH |9 57033 | |
| 655 | 7 | |a zborníky konferencií |2 SNKPH |9 70153 | |
| 655 | 7 | |a Studies |2 SNKPHeng |9 265573 | |
| 655 | 7 | |a Proceedings of conferences |2 SNKPHeng |9 265791 | |
| 700 | 1 | |a Zaitseva, Elena, |d 1967- |4 edt |4 aut |9 171621 | |
| 830 | 0 | |a Studies in computational intelligence |9 347007 | |
| 852 | |a Slovenská národná knižnica | ||
| 919 | |a 978-3-030-74558-5 | ||
| 919 | |a 978-3-030-74556-1 | ||
| 954 | |a odborná, vedecká literatúra cudzojazyčná (svetová) |2 lita | ||
| 954 | |a odborná, vedecká literatúra pôvodná (slovenská) |2 lita | ||
| 958 | |a ZS | ||
| 958 | |a NB | ||
| 999 | |c 788666 |d 790596 | ||
| 952 | |a SNK |b SNK |y PREZ |7 0 |p 17A1577901 |o snkSC 212904 |i snk2025/19932 |8 4 |g 149.99 |0 0 |1 0 |4 0 |d 2024-10-24 |l 0 |r 2026-02-24 01:28:04 |w 2026-02-24 | ||


